Kanye MBDTF songs - Statistics

General Stats
  • This quiz has been taken 17 times
  • The average score is 12 of 13
Answer Stats
Answer % Correct
Dark Fantasy
100%
Gorgeous
100%
All of the Lights
93%
Blame Game
93%
Power
93%
Runaway
93%
Devil in a New Dress
87%
Lost in the World
87%
Monster
87%
So appalled
87%
Who will survive in America
87%
Hell of a Life
80%
All of the Lights ( Interlude )
73%
No matching quizzes found
Score Distribution
Percent of People with Each Score
Percentile by Number Answered
Your Score History
You have not taken this quiz